ជំនាញកំព្យូទ័រ សំរាប់ការិយាល័យ 4​ in 1 / (Record no. 6816)

MARC details
000 -LEADER
fixed length control field 01479nam a22002297a 4500
001 - CONTROL NUMBER
control field 6816
003 - CONTROL NUMBER IDENTIFIER
control field FISKH
005 - DATE AND TIME OF LATEST TRANSACTION
control field 20250529114219.0
008 - FIXED-LENGTH DATA ELEMENTS--GENERAL INFORMATION
fixed length control field 250529b cb ||||| |||| 00| 0 eng d
020 ## - INTERNATIONAL STANDARD BOOK NUMBER
International Standard Book Number 8846000400004
040 ## - CATALOGING SOURCE
Original cataloging agency FISKH
Language of cataloging eng
Transcribing agency FISKH
Modifying agency FISKH
082 ## - DEWEY DECIMAL CLASSIFICATION NUMBER
Classification number 600
100 ## - MAIN ENTRY--PERSONAL NAME
Personal name Sovichea, Chea Vong
245 ## - TITLE STATEMENT
Title ជំនាញកំព្យូទ័រ សំរាប់ការិយាល័យ 4​ in 1 /
Statement of responsibility, etc. By Chea Vong Sovichea and Siv Kimthai
250 ## - EDITION STATEMENT
Edition statement បោះពុម្ពលើកទី៣
260 ## - PUBLICATION, DISTRIBUTION, ETC.
Place of publication, distribution, etc. ភ្នំពេញ :
Name of publisher, distributor, etc. រោងពុម្ព អាយ អាយ សុី ,
300 ## - PHYSICAL DESCRIPTION
Extent 288 pages :
Other physical details illustrations ;
Dimensions 23 cm .
520 ## - SUMMARY, ETC.
Summary, etc. សៀវភៅនេះផ្តល់ការណែនាំលម្អិតអំពីការប្រើប្រាស់កម្មវិធី Microsoft Office ដូចជា Word, Excel, PowerPoint និង Access ដើម្បីជួយបង្កើនប្រសិទ្ធភាពក្នុងការងារការិយាល័យ។ វាក៏បង្ហាញពីការប្រើប្រាស់ប្រព័ន្ធប្រតិបត្តិការ Windows និងការប្រើប្រាស់អ៊ីនធឺណិតសម្រាប់ការស្រាវជ្រាវ និងការទំនាក់ទំនង។
700 ## - ADDED ENTRY--PERSONAL NAME
Personal name Maline, Tuon
Relator term Editor
942 ## - ADDED ENTRY ELEMENTS (KOHA)
Source of classification or shelving scheme Dewey Decimal Classification
Koha item type Books
Suppress in OPAC No
Holdings
Withdrawn status Lost status Source of classification or shelving scheme Damaged status Not for loan Collection Home library Current library Shelving location Date acquired Total Checkouts Full call number Barcode Date last seen Price effective from Koha item type
    Dewey Decimal Classification     Reference Footprints International School Library Network Toul Tom Poung Campus Footprints International School Library Network Toul Tom Poung Campus Librarian's Shelf TTP 05/29/2025   SOV 600 2025-1436 05/29/2025 05/29/2025 Books